|
|
|
|
| LEADER |
00000nam a2200000 a 4500 |
| 001 |
vtls008850748 |
| 003 |
SK-MaSNL |
| 005 |
20260301044730.0 |
| 008 |
160627s2005 xo f u 000 0 slo |
| 015 |
|
|
|a SNBN2014
|
| 020 |
|
|
|c (cen. skup. 3)
|
| 040 |
|
|
|a SNK
|b slo
|c SNK
|e AACR2
|
| 041 |
1 |
|
|a slo
|h eng
|
| 044 |
|
|
|a xo
|c SK
|
| 046 |
|
|
|a m
|m 200504 (účin.)
|n 200512 (zruš.)
|
| 072 |
|
7 |
|a 621.3
|x Elektrotechnika
|2 konspekt
|
| 072 |
|
7 |
|a 641
|x Kuchárstvo. Potraviny. Varené jedlá
|2 konspekt
|
| 072 |
|
7 |
|a 331
|x Práca
|2 konspekt
|
| 080 |
|
|
|a 621.313
|2 2001
|
| 080 |
|
|
|a 641.522.2
|2 2001
|
| 080 |
|
|
|a 331.45
|2 2001
|
| 080 |
|
|
|a (437.6)
|2 2001
|
| 080 |
|
|
|a (4)
|2 2001
|
| 080 |
|
|
|a (083)
|2 2001
|
| 084 |
|
|
|a 97.040.50
|2 ICS
|
| 130 |
0 |
|
|a STN 36 1055 (STN EN 60335-2-37/Z1) [neplatná]
|9 351657
|
| 245 |
1 |
0 |
|a STN EN 60335-2-37/Z1: 2005 (36 1055) [neplatná], Bezpečnosť elektrických spotrebičov pre domácnosť a na podobné účely
|n Časť 2-37
|p Osobitné požiadavky na komerčné elektrické fritézy. Zmena 1
|
| 246 |
1 |
0 |
|a Bezpečnosť elektrických spotrebičov pre domácnosť a na podobné účely
|
| 246 |
1 |
0 |
|a Osobitné požiadavky na komerčné elektrické fritézy
|
| 260 |
|
|
|a Bratislava
|b Slovenský ústav technickej normalizácie
|c 2005
|
| 300 |
|
|
|a 2 s.
|c 30 cm
|
| 500 |
|
|
|a Spracovateľ: Iveta Božoňová
|
| 500 |
|
|
|a Zmena Z1 sa týka STN EN STN EN 60335-2-37 z novembra 2001, ktorá bola nahradená STN EN 60335-2-37 z apríla 2005. Táto norma sa môže používať súbežne s STN EN 60335-2-37 z apríla 2005 do 1.12.2005
|
| 540 |
|
|
|a STN vydané na akomkoľvek nosiči sa môžu rozmnožovať a rozširovať iba so súhlasom určenej právnickej osoby
|b SÚTN Bratislava
|c zákon 264/1999 Z.z.
|
| 650 |
0 |
7 |
|a elektrické spotrebiče
|2 SNKPH
|9 58058
|
| 650 |
0 |
7 |
|a technické normy a štandardy
|z krajiny Európskej únie
|2 SNKPH
|9 289341
|
| 650 |
0 |
7 |
|a technické normy a štandardy
|z Slovensko
|2 SNKPH
|9 79594
|
| 650 |
0 |
7 |
|a Electric apparatus and appliances
|2 SNKPHeng
|9 287152
|
| 650 |
0 |
7 |
|a fritovanie
|2 SNKPH
|9 85266
|
| 650 |
0 |
7 |
|a Deep frying
|2 SNKPHeng
|9 108966
|
| 655 |
|
7 |
|a normy
|2 SNKPH
|9 70643
|
| 700 |
1 |
|
|a Božoňová, Iveta
|4 aut
|9 299308
|
| 774 |
1 |
8 |
|t STN EN 60335-2-37: 2001
|d Bratislava : Slovenský ústav technickej normalizácie, 2001
|
| 999 |
|
|
|c 596648
|d 598578
|
| 952 |
|
|
|a SNK
|b SNK
|y PREZ
|7 0
|p 17A0522722
|o snkSTN EN 60335-2-37/Z1
|i snk2006/19410
|8 0
|0 0
|1 0
|4 0
|d 2006-09-29
|l 0
|r 2026-02-23 15:42:07
|w 2026-02-23
|
| 952 |
|
|
|a SNK
|b SNK
|y PREZ
|7 0
|p 17A0522727
|o snkSTN EN 60335-2-37/Z1 D1
|i snk2006/19411
|8 0
|0 0
|1 0
|4 0
|d 2006-09-29
|l 0
|r 2026-02-23 15:42:07
|w 2026-02-23
|